00533nam a2200157Ia 4500008004100000041000800041082001500049100001600064245004500080250001400125260005700139300003200196365000900228999001500237952012300252240624s9999 xx 000 0 und d aeng a379.73 SPR aSPRING JOEL aPOLITICAL AGENDAS FOR EDUCATION FROM THE a(2nd ed.) c2002aLondonbLowrence ErlBaum Associates Publishers aviii, : 143 : p. : cm. ; 23 cb35 c5863d5863 00104070aIMTNbIMTNcRack 16-Bd2007-08-29eRBCg49.95o379.73 SPRp5863r2024-06-24 00:00:00t43.1w2024-06-24yBK